Música, teatre, dansa i arts visuals als municipis
Publicado:
Barcelona :
Oficina de Difusió Artística, Àrea de Cultura de la Diputació de Barcelona, DL 2002
Descripción Física:
[10] p. : il. fot. ; 24 cm
MARC
| LEADER | 00000nam a2200000Ia 4500 | ||
|---|---|---|---|
| 001 | 16786 | ||
| 008 | 160829s9999 xx 000 0 cat d | ||
| 080 | |a FU-44-38 | ||
| 245 | |a Música, teatre, dansa i arts visuals als municipis | ||
| 260 | |a Barcelona : |b Oficina de Difusió Artística, Àrea de Cultura de la Diputació de Barcelona, DL 2002 | ||
| 300 | |a [10] p. : |b il. fot. ; |c 24 cm | ||
| 590 | |a A la contracoberta: Oficina de Difusió Artística. Diputació de Barcelona | ||
| 650 | |a Teatre |x Barcelona (Província) |x Guies |9 21940 | ||
| 650 | 0 | |a Música |z Barcelona (Província) |v Guies |9 21941 | |
| 650 | 0 | |a Dansa |z Barcelona (Província) |v Guies |9 29970 | |
| 650 | |a Art |x Barcelona (Província) |x Guies |9 21943 | ||
| 710 | 1 | |a Barcelona (Catalunya : Província). |b Oficina de Difusió Artística |9 52669 | |
| 901 | |a Arxiu | ||
| 942 | |n 1 | ||
| 952 | |0 0 |1 0 |4 0 |6 FU4438 |7 1 |9 41954 |a Arxiu |b Arxiu |d 2016-12-01 |l 0 |o FU-44-38 |p 16786 |r 2016-12-01 00:00:00 |w 2016-12-01 |y ARXIU | ||
| 999 | |c 44401 |d 44401 | ||